[Event "Large KO, SC <1800"]
[Site "SchemingMind.com"]
[Date "2006.11.19"]
[Round "-"]
[White "echecs"]
[Black "rougon"]
[Result "1-0"]
[WhiteCountry "ENG"]
[BlackCountry "USA"]
[WhiteElo "1767"]
[WhiteRD "58"]
[BlackElo "1648"]
[BlackRD "62"]
[GameID "77538"]

1. e4 c5 2. c3 Nf6 3. e5 Nd5 4. d4 cxd4 5. cxd4 d6 6. Nf3 Nc6 7. Bc4 Nb6 8. Bb3 dxe5 9. d5 Na5 10. Nc3 Nxb3
11. Qxb3 e6 12. Nxe5 Nxd5 13. Qb5+ Bd7 14. Qxb7 Bb4 15. O-O Qc8 16. Qxd7+ Qxd7 17. Nxd7 Bxc3 18. bxc3 Kxd7 19. Bb2 Rac8 20. Rac1 Nf4
21. Rfd1+ Ke7 22. Rc2 Rc7 23. c4 f6 24. Ba3+ Kf7 25. Bd6 Ne2+ 26. Kf1
1-0

[Event "Large KO, SC <1800"]
[Site "SchemingMind.com"]
[Date "2006.11.19"]
[Round "-"]
[White "rougon"]
[Black "echecs"]
[Result "1-0"]
[WhiteCountry "USA"]
[BlackCountry "ENG"]
[WhiteElo "1664"]
[WhiteRD "63"]
[BlackElo "1767"]
[BlackRD "60"]
[GameID "77543"]

1. d4 e6 2. c4 Nf6 3. Nc3 Bb4 4. Qc2 d5 5. a3 Bxc3+ 6. Qxc3 Ne4 7. Qc2 c5 8. dxc5 Nc6 9. cxd5 exd5 10. Nf3 Bf5
11. b4 Ng3 12. Qb2 Nxh1 13. Qxg7 Rf8 14. Bh6 Qe7 15. Qxf8+ Qxf8 16. Bxf8 Kxf8 17. g3 Re8 18. Bg2 Nxg3 19. hxg3 Be4 20. Kf1 h6
21. Ra2 d4 22. Rd2 Rd8 23. b5 Na5 24. Rxd4 Re8 25. a4 Nb3 26. Rd6 Nxc5 27. a5 Kg7 28. Nh4 Bxg2+ 29. Nxg2 Re7 30. Nf4 Re5
31. Rd5 Rxd5 32. Nxd5 a6 33. bxa6 bxa6 34. f4 Nb3 35. Nb4 Nxa5 36. Nxa6 Nc6 37. Kf2 Nd4 38. e4 Kf6 39. Nc7 Nc6 40. Nd5+ Ke6
41. Ne3 h5 42. Nf5 Kf6 43. Ke3 Nd8 44. Nd6 Ke6 45. Nf5 Kf6 46. Nd4 Kg6 47. e5 Nb7 48. Ke4 Nc5+ 49. Kd5 Nd3 50. f5+ Kg7
51. Kd6 Nf2 52. Kd7 Ne4 53. Ne2 Kf8= 54. e6 Nc5+ 55. Kd6 Ne4+ 56. Ke5 Nf2 57. Nf4 Ng4+ 58. Kd6 Nf6 59. Nd5 Ne4+ 60. Kd7 Nc5+
61. Kc6 fxe6 62. Kxc5 exd5 63. Kxd5 Ke7 64. Ke4 Kf7 65. Ke5 Ke7 66. f6+ Kf7 67. Kf5 Kf8 68. Kg6 Kg8 69. Kxh5 Kf7 70. Kg5 Kf8
71. Kg6 Kg8 72. f7+ Kf8 73. g4
1-0

[Event "Large KO, SC <1800"]
[Site "SchemingMind.com"]
[Date "2006.11.22"]
[Round "-"]
[White "capablanca"]
[Black "Rotceh"]
[Result "1-0"]
[WhiteCountry "GER"]
[BlackCountry "MEX"]
[WhiteElo "1718"]
[WhiteRD "56"]
[BlackElo "1622"]
[BlackRD "56"]
[GameID "78054"]

1. c4 Nf6 2. Nc3 d5 3. cxd5 Nxd5 4. g3 e5 5. Bg2 Be6 6. Nf3 Nc6 7. O-O Qd7 8. d3 Bh3 9. Bxh3 Qxh3 10. Nxd5 O-O-O
11. Nc3 f5 12. Qa4 e4 13. dxe4 fxe4 14. Qxe4 Bd6 15. Nd5 Rde8 16. Qh4 Qe6 17. Ne3 Be7 18. Qg4 Bf6 19. Qxe6+ Rxe6 20. Rb1 Ne5
21. Nxe5 Bxe5 22. b3 Rd6 23. Nc4 Rd5 24. Nxe5 Rxe5 25. e3 Rd8 26. Bb2 Re7 27. Rbd1 Red7 28. Rxd7 Rxd7 29. Bd4 b6 30. Rc1 c5
31. b4 Kb7 32. bxc5 bxc5 33. Rxc5
1-0

[Event "Large KO, SC <1800"]
[Site "SchemingMind.com"]
[Date "2006.11.22"]
[Round "-"]
[White "bdenley"]
[Black "loco61"]
[Result "1/2-1/2"]
[WhiteCountry "USA"]
[BlackCountry "ENG"]
[WhiteElo "1693"]
[WhiteRD "61"]
[BlackElo "1570"]
[BlackRD "60"]
[GameID "78055"]

1. e4 e5 2. Nf3 Nc6 3. Bc4 h6 4. O-O d6 5. h3 Nf6 6. Nc3 Ne7 7. d3 Ng6 8. Ne1 Be7 9. f4 exf4 10. Bxf4 Nxf4
11. Rxf4 g5 12. Rf2 h5 13. Qe2 Be6 14. Bb3 h4 15. Nf3 g4 16. Ng5 Bxb3 17. axb3 gxh3 18. Nxh3 Rg8 19. Nd5 c6 20. Nxe7 Qxe7
21. Raf1 Rg6 22. Nf4 Rg7 23. Nh5 Nxh5 24. Qxh5 O-O-O 25. Rxf7 Rxf7 26. Rxf7 Qe6 27. Qh7 Rd7 28. Qg8+ Kc7 29. Rxd7+ Qxd7 30. Qg5 h3
31. Qg3 hxg2 32. Kxg2 Qe7 33. Qg6 Qe5 34. c3 c5 35. Qf5 Qg7+ 36. Kf3 Qe7 37. b4 b6 38. bxc5 bxc5 39. b4 Kb6 40. bxc5+ dxc5
41. Qg6+ Kb5 42. Qf5 a5 43. d4 a4 44. dxc5 Qxc5 45. Qd7+ Ka5 46. Qd8+ Kb5 47. Qd3+=
1/2-1/2

[Event "Large KO, SC <1800"]
[Site "SchemingMind.com"]
[Date "2006.11.22"]
[Round "-"]
[White "Rotceh"]
[Black "capablanca"]
[Result "0-1"]
[WhiteCountry "MEX"]
[BlackCountry "GER"]
[WhiteElo "1620"]
[WhiteRD "60"]
[BlackElo "1673"]
[BlackRD "51"]
[GameID "78067"]

1. e4 c5 2. Nf3 Nc6 3. d4 cxd4 4. Nxd4 g6 5. Nc3 Bg7 6. Be3 Nf6 7. Qd2 O-O 8. Bh6 Bxh6 9. Qxh6 Nxd4 10. O-O-O Nc6
11. f4 Qa5 12. a3 Qh5 13. Qg5 d6 14. Be2 Qxg5 15. fxg5 Ng4 16. Rdf1 Nd4 17. Bxg4 Bxg4 18. h3 Bd7 19. Rf2 Rac8 20. Rd1 Nb5
21. Nd5 Rfe8 22. Rdf1 Be6 23. Nf4 Nd4 24. Rd2 Nb3+
0-1

[Event "Large KO, SC <1800"]
[Site "SchemingMind.com"]
[Date "2006.11.22"]
[Round "-"]
[White "loco61"]
[Black "bdenley"]
[Result "0-1"]
[WhiteCountry "ENG"]
[BlackCountry "USA"]
[WhiteElo "1570"]
[WhiteRD "60"]
[BlackElo "1693"]
[BlackRD "61"]
[GameID "78068"]

1. e4 c5 2. Nf3 Nc6 3. Bb5 g6 4. c3 Bg7 5. d4 cxd4 6. cxd4 a6 7. Ba4 b5 8. Bb3 Bb7 9. d5 Ne5 10. Nbd2 Nxf3+
11. Nxf3 d6 12. O-O Nf6 13. Qd3 O-O 14. Bf4 Rc8 15. Rac1 Qd7 16. Ng5 Nh5 17. Be3 Bxb2 18. Rc2 Rxc2 19. Qxc2 Bg7 20. Qd2 Rc8
21. f4 h6 22. Nf3 f5 23. e5 Qe8 24. e6 Nf6 25. h3 Ne4 26. Qd3 Rc3 27. Qe2 Ng3 28. Qd2 Nxf1 29. Kxf1 b4 30. Nd4 a5
31. g4 Ba6+ 32. Kf2 fxg4 33. hxg4 Qf8 34. Bc2 Qf6 35. f5 Qh4+ 36. Kf3 Qh1+ 37. Kf4 g5+ 38. Kg3 Be5+ 39. Kf2 Qf1#
0-1

[Event "Large KO, SC <1800"]
[Site "SchemingMind.com"]
[Date "2006.11.27"]
[Round "-"]
[White "ilhado"]
[Black "mart_r3000"]
[Result "1-0"]
[WhiteCountry "BRA"]
[BlackCountry "ENG"]
[WhiteElo "1743"]
[WhiteRD "81"]
[BlackElo "1281"]
[BlackRD "52"]
[GameID "78585"]

1. e4 e5 2. f4 exf4 3. Nf3 Nf6 4. e5 Qe7 5. Be2 Qc5 6. exf6 gxf6 7. d4 Qd5 8. Bxf4 Qe4 9. Bg3 Bh6 10. Nc3 Qf5
11. Qd3 Qa5 12. Qe4+ Kd8 13. Bh4 c6 14. Bxf6+ Kc7 15. Bxh8 Na6 16. Qe5+ Kb6 17. Qxa5+ Kxa5 18. O-O Be3+ 19. Kh1 d5 20. Ne5 Be6
21. Bf6 Bxd4 22. Nd3 Bb6 23. a3 d4 24. b4+
1-0

[Event "Large KO, SC <1800"]
[Site "SchemingMind.com"]
[Date "2006.11.27"]
[Round "-"]
[White "mart_r3000"]
[Black "ilhado"]
[Result "0-1"]
[WhiteCountry "ENG"]
[BlackCountry "BRA"]
[WhiteElo "1281"]
[WhiteRD "52"]
[BlackElo "1743"]
[BlackRD "81"]
[GameID "78595"]

1. e4 c5 2. Nf3 e6 3. Bb5 a6 4. Bc4 b5 5. Be2 Bb7 6. d3 Nc6 7. O-O g6 8. Nc3 Bg7 9. Bg5 Nge7 10. d4 Nxd4
11. Bd3 O-O 12. e5 Nxf3+ 13. gxf3 Bxe5 14. Re1 Bg7 15. Ne4 c4 16. Be2 Bxe4 17. fxe4 d6 18. Qd2 Qc7 19. Qf4 f6 20. Qg3 fxg5
21. Qxg5 d5 22. e5 Rf5 23. Qg3 Bxe5 24. Qh3 Raf8 25. Rf1 d4 26. b3 Rg5+ 27. Bg4 Bxh2+ 28. Kh1 Be5 29. Bxe6+ Kg7 30. f3 Rh5
31. Qxh5 gxh5 32. Rg1+ Kh6 33. Raf1 Qc6 34. Bh3 Nf5 35. Bg2 Ng3+ 36. Kh2 Nxf1+ 37. Kh3 Qe6+ 38. Kh4 Rf4#
0-1

[Event "Large KO, SC <1800"]
[Site "SchemingMind.com"]
[Date "2006.11.28"]
[Round "-"]
[White "LittleBigHorse"]
[Black "knightrider"]
[Result "1-0"]
[WhiteCountry "IRL"]
[BlackCountry "USA"]
[WhiteElo "1689"]
[WhiteRD "87"]
[BlackElo "1428"]
[BlackRD "59"]
[GameID "78910"]

1. c4 Nf6 2. Nc3 e6 3. e4 Nc6 4. d4 d6 5. Nf3 Be7 6. Be2 O-O 7. O-O h6 8. d5 Ne5 9. Nxe5 dxe5 10. Re1 c6
11. dxc6 bxc6 12. Be3 Kh7 13. Qc2 a5 14. f4 Ng4 15. Bxg4 exf4 16. Bxf4 e5 17. Bxe5 Bc5+ 18. Kh1 Bxg4 19. Bg3 g6 20. Ne2 f5
21. e5 Bb4 22. Nc3 Bxc3 23. Qxc3 Qe7 24. h3 Bh5 25. Bh2 g5 26. Rac1 a4 27. Rc2 Kg6 28. Rd2 Rad8 29. Rd6+ Rxd6 30. exd6 Qd7
31. Re7 Qd8 32. Qg7#
1-0

[Event "Large KO, SC <1800"]
[Site "SchemingMind.com"]
[Date "2006.11.28"]
[Round "-"]
[White "knightrider"]
[Black "LittleBigHorse"]
[Result "0-1"]
[WhiteCountry "USA"]
[BlackCountry "IRL"]
[WhiteElo "1481"]
[WhiteRD "59"]
[BlackElo "1684"]
[BlackRD "89"]
[GameID "78912"]

1. d4 Nf6 2. c4 e6 3. Nf3 Bb4+ 4. Bd2 Bxd2+ 5. Qxd2 d5 6. e3 O-O 7. Nc3 c6 8. Bd3 Nbd7 9. Ne2 dxc4 10. Bxc4 c5
11. Nf4 b6 12. Bxe6 Re8 13. Bxd7 Qxd7 14. Qd3 Bb7 15. Ne5 Qa4 16. O-O Rad8 17. b3 Qa5 18. a3 cxd4 19. exd4 Rxe5 20. b4 Qb5
21. Qxb5 Rxb5 22. Rad1 a5 23. Rfe1 axb4 24. axb4 Rxb4 25. h3 Rbxd4 26. Rxd4 Rxd4 27. Nh5 Re4 28. Rd1 Nd5 29. Ng3 Re6 30. Kh2 g6
31. f3 Kg7 32. Ne4 Nf6 33. Ng3 b5 34. h4 h5 35. Rb1 Rb6 36. Ne2 b4 37. Rb3 Bd5 38. Rb2 b3 39. Kg3 Bc4 40. Kf2 Nd5
41. g4 hxg4 42. fxg4 Nb4 43. Nc1 Nd3+ 44. Nxd3 Bxd3 45. Ke3 Bc2 46. Kd2 Rb4
0-1

[Event "Large KO, SC <1800"]
[Site "SchemingMind.com"]
[Date "2006.12.11"]
[Round "-"]
[White "palaciorep"]
[Black "desmondw"]
[Result "1-0"]
[WhiteCountry "ARG"]
[BlackCountry "IRL"]
[WhiteElo "1706"]
[WhiteRD "85"]
[BlackElo "1669"]
[BlackRD "71"]
[GameID "80554"]

1. e4 e5 2. Nf3 Nc6 3. Bb5 Nf6 4. Bxc6 bxc6 5. d3 d6 6. Bg5 Be7 7. Bxf6 Bxf6 8. Nc3 Be6 9. h3 d5 10. exd5 cxd5
11. O-O O-O 12. Nh2 Rb8 13. Rb1 c5 14. Ng4 Rc8 15. Nxf6+ Qxf6 16. Ne2 Rfd8 17. Ng3 c4 18. dxc4 Rxc4 19. c3 g6 20. Qe2 e4
21. Qe3 a5 22. Ne2 Bf5 23. b3 Rc6 24. Nd4 Ra6 25. a3 Rb8 26. b4 axb4 27. Rxb4 Rc8 28. a4 Bd7 29. Ra1 Rca8 30. a5 Rxa5
31. Rxa5 Rxa5 32. c4 Qe5 33. f4 Qd6 34. Nc2 Ba4 35. Rb6 Qc5 36. Rb8+ Kg7 37. Nd4 Qxc4 38. f5 Qd3 39. f6+ Kxf6 40. Qf4+ Kg7
41. Qe5+ Kh6 42. Rg8 Qd1+ 43. Kh2 Qh5 44. Qg7+ Kg5 45. Qxf7 Bd1 46. Ne6+ Kh4 47. g3#
1-0

[Event "Large KO, SC <1800"]
[Site "SchemingMind.com"]
[Date "2006.12.12"]
[Round "-"]
[White "desmondw"]
[Black "palaciorep"]
[Result "0-1"]
[WhiteCountry "IRL"]
[BlackCountry "ARG"]
[WhiteElo "1669"]
[WhiteRD "71"]
[BlackElo "1706"]
[BlackRD "85"]
[GameID "80564"]

1. e4 e5 2. Bc4 Qf6 3. Nf3 d6 4. d3 h6 5. g4 Bxg4 6. Nbd2 Nd7 7. h3 Bxf3 8. Nxf3 Nb6 9. Be3 Nxc4 10. dxc4 Ne7
11. Qd3 Nc6 12. O-O-O Qxf3 13. c5 Be7 14. cxd6 Bxd6 15. h4 O-O-O 16. Rhg1 Be7 17. Rg3 Rxd3 18. Rxf3 Rxd1+ 19. Kxd1 Rd8+ 20. Kc1 f6
21. Rg3 g5 22. hxg5 hxg5 23. Rh3 b6 24. Rh7 Kb7 25. a4 Rg8 26. c3 Bc5 27. Bxc5 bxc5 28. Rf7 Rg6 29. b4 cxb4 30. cxb4 Nxb4
31. f3 Nd3+ 32. Kd2 Nc5 33. a5 Nb3+
0-1

[Event "Large KO, SC <1800"]
[Site "SchemingMind.com"]
[Date "2006.12.14"]
[Round "-"]
[White "ilhado"]
[Black "bdenley"]
[Result "1-0"]
[WhiteCountry "BRA"]
[BlackCountry "USA"]
[WhiteElo "1731"]
[WhiteRD "83"]
[BlackElo "1689"]
[BlackRD "68"]
[GameID "81900"]

1. e4 c5 2. Nf3 Nc6 3. Bb5 d6 4. Bxc6+ bxc6 5. c4 Nf6 6. d3 g6 7. Bd2 Bg7 8. Bc3 O-O 9. h3 d5 10. cxd5 cxd5
11. e5 Nd7 12. d4 cxd4 13. Qxd4 e6 14. O-O Qb6 15. Qh4 Ba6 16. Re1 Rac8 17. Nbd2 Nc5 18. Bd4 Qd8 19. Ng5 h6 20. Ndf3 Nd3
21. Re2 Rc4 22. b3 Rb4 23. Rd2 Nxe5 24. Qg3 Nc6 25. Bxg7 Kxg7 26. Ne5 Nxe5 27. Qxe5+ Qf6 28. Qxf6+ Kxf6 29. Nh7+ Kg7 30. Nxf8 Kxf8
31. Rc1 Rb7 32. Rdc2 Bd3 33. Rc8+ Kg7 34. R1c3 Bb1 35. a3 Ba2 36. R8c7 Rxc7 37. Rxc7 Bxb3 38. Rxa7 d4 39. Kf1 e5 40. Ke2 Bc4+
41. Kd2 Kf6 42. a4 Ke6 43. Rc7 Bf1 44. g3 Bxh3 45. a5 Bg2 46. a6 f6 47. a7 Kf5 48. Rc8 h5 49. a8=Q Bxa8 50. Rxa8 e4
51. Ra4 d3 52. Ke3 g5 53. Rxe4 d2 54. Rd4 Ke5 55. Rxd2
1-0

[Event "Large KO, SC <1800"]
[Site "SchemingMind.com"]
[Date "2006.12.13"]
[Round "-"]
[White "bdenley"]
[Black "ilhado"]
[Result "1-0"]
[WhiteCountry "USA"]
[BlackCountry "BRA"]
[WhiteElo "1689"]
[WhiteRD "68"]
[BlackElo "1731"]
[BlackRD "83"]
[GameID "81904"]

1. e4 e5 2. Nf3 Nc6 3. Bc4 Nf6 4. Nc3 Be7 5. O-O O-O 6. d3 h6 7. Be3 d6 8. Nd2 Be6 9. Bb3 Na5 10. Bxe6 fxe6
11. f4 Nc6 12. f5 Qd7 13. fxe6 Qxe6 14. Qe2 Ng4 15. Nd5 Qd7 16. Nxe7+ Nxe7 17. h3 Nxe3 18. Qxe3 Ng6 19. Rf3 b6 20. Raf1 Qe6
21. b3 Nf4 22. Rg3 Rf7 23. Nf3 Raf8 24. Nh2 Kh7 25. c3 d5 26. exd5 Qxd5 27. Ng4 Nxd3 28. Rxf7 Qxf7 29. Qxd3+ Kg8 30. Nxh6+ Kh8
31. Nxf7+ Rxf7 32. Qd8+ Kh7 33. Qh4+ Kg8 34. Qc4 Kf8 35. Rf3 Rxf3 36. gxf3 c5 37. Qe6 g6 38. Qxe5 Kf7 39. Qc7+ Ke6 40. f4 a5
41. Qxb6+ Kf5 42. Qxc5+ Kxf4 43. Qd4+ Kf5 44. Qg4+ Kf6 45. h4 Kf7 46. Qg5 a4 47. Qf4+ Ke6 48. Qxa4
1-0

[Event "Large KO, SC <1800"]
[Site "SchemingMind.com"]
[Date "2007.01.08"]
[Round "-"]
[White "LittleBigHorse"]
[Black "echecs"]
[Result "1/2-1/2"]
[WhiteCountry "IRL"]
[BlackCountry "ENG"]
[WhiteElo "1726"]
[WhiteRD "84"]
[BlackElo "1788"]
[BlackRD "58"]
[GameID "85712"]

1. c4 e6 2. Nc3 Nf6 3. e4 d6 4. Nf3 Nc6 5. d4 Be7 6. Be2 O-O 7. O-O Re8 8. h3 a6 9. e5 Nd7 10. Bf4 dxe5
11. dxe5 Rb8 12. Qc1 b6 13. Rd1 Bc5 14. a3 a5 15. Ne4 Qe7 16. Nxc5 Nxc5 17. Qc2 Ba6 18. b3 Nd7 19. Rac1 Red8 20. Bg5 f6
21. exf6 gxf6 22. Bh4 Nde5 23. Nxe5 Nxe5 24. Qc3 Rxd1+ 25. Rxd1 Qg7 26. Bg3 Bb7 27. Rd4 Kf7 28. f4 Ng6 29. Rd7+ Ne7 30. Bg4 Ke8
31. Rd2 Kf7 32. Qe3 Bc8 33. Bh5+ Ng6 34. f5 exf5 35. Bxc7 Rb7 36. Bxb6 Re7 37. Qc5 Qh6 38. Bxg6+ Kxg6 39. Qxe7 Qxd2 40. Qe8+ Kg7
41. Qe7+ Kg6 42. Qe8+ Kg7 43. Qxc8 Qd1+ 44. Kh2 Qd6+ 45. Kh1 Qd1+ 46. Kh2 Qd6+ 47. Kh1 Qxb6 48. Qd7+ Kg6 49. Qb5 Qd8 50. Qc5 Qd1+
51. Kh2 Qxb3 52. Qxa5 Qxc4 53. Qb4 Qc7+ 54. Kg1 Qc1+ 55. Kh2 Qc7+ 56. Kg1 Qc1+ 57. Kh2 Qc7+=
1/2-1/2

[Event "Large KO, SC <1800"]
[Site "SchemingMind.com"]
[Date "2007.01.08"]
[Round "-"]
[White "echecs"]
[Black "LittleBigHorse"]
[Result "1-0"]
[WhiteCountry "ENG"]
[BlackCountry "IRL"]
[WhiteElo "1788"]
[WhiteRD "58"]
[BlackElo "1726"]
[BlackRD "84"]
[GameID "85716"]

1. b4 e5 2. Bb2 Nf6 3. Bxe5 Bxb4 4. Nf3 O-O 5. e3 Nc6 6. Bb2 d5 7. Be2 Bg4 8. h3 Bh5 9. Nc3 Re8 10. a3 Ba5
11. Nb5 a6 12. Nbd4 Nxd4 13. Nxd4 Bxe2 14. Qxe2 c5 15. Nb3 Bb6 16. Qf3 Re6 17. O-O Rd6 18. a4 Rc8 19. a5 Ba7 20. Be5 Rd7
21. Qf5 Ne4 22. Qg4 f6 23. Bb2 c4 24. Nd4 Nxd2 25. Rfd1 Ne4 26. Ne6 Qe7 27. Nf4 Rcd8 28. Re1 Kh8 29. Qh5 Qe8 30. Qf5 Nc5
31. Nh5 Ne4 32. f3 c3 33. Ba3 Nd2 34. Kh1 Nc4 35. Bb4 Nxe3 36. Qd3 Qxh5 37. Bxc3 d4 38. Bb2 Qf5 39. Rxe3 Qf4 40. Re4 Qg5
41. Ra4 f5 42. Re5 Rd5 43. Rxd5 Rxd5 44. Bxd4 Bxd4 45. Rxd4 Qc1+ 46. Kh2 Rxd4 47. Qxd4 Kg8 48. Qd5+ Kf8 49. Qxf5+ Kg8 50. Qc8+ Kf7
51. Qxb7+ Kg8 52. Qc8+ Kf7 53. Qc4+ Kf8 54. Qc8+ Kf7 55. Qc7+ Kf8 56. c4 Qc3 57. c5 Qc4 58. c6 Qc5 59. f4 h6 60. Qd8+ Kf7
61. c7
1-0

[Event "Large KO, SC <1800"]
[Site "SchemingMind.com"]
[Date "2007.02.11"]
[Round "-"]
[White "Archr"]
[Black "Dan Bray"]
[Result "0-1"]
[WhiteCountry "USA"]
[BlackCountry "ENG"]
[WhiteElo "1688"]
[WhiteRD "86"]
[BlackElo "1809"]
[BlackRD "84"]
[GameID "91507"]

1. e4 c5 2. Nf3 d6 3. d4 cxd4 4. Nxd4 Nf6 5. Nc3 g6 6. Be3 Bg7 7. Bc4 O-O 8. Qe2 Nc6 9. O-O-O a6 10. a3 b5
11. Nf3 bxc4 12. Qxc4 Bb7 13. h3 Rb8 14. g4 Rc8 15. g5 Nd7 16. Qf1 Nce5 17. Nxe5 Nxe5 18. f3 Nc4 19. Qd3 Nxe3 20. Qxe3 Bxc3
21. bxc3 Qa5 22. Kb2 Rb8 23. Ka2 Qa4 24. Qd3 d5 25. exd5 Bxd5+
0-1

[Event "Large KO, SC <1800"]
[Site "SchemingMind.com"]
[Date "2007.02.11"]
[Round "-"]
[White "Dan Bray"]
[Black "Archr"]
[Result "1/2-1/2"]
[WhiteCountry "ENG"]
[BlackCountry "USA"]
[WhiteElo "1798"]
[WhiteRD "87"]
[BlackElo "1698"]
[BlackRD "83"]
[GameID "91516"]

1. d4 c5 2. e3 cxd4 3. exd4 Nf6 4. c4 e6 5. Nf3 d5 6. Nc3 Be7 7. cxd5 exd5 8. Be2 O-O 9. O-O Nc6 10. Bf4 Bd6
11. Qd2 Bf5 12. Rfd1 Bxf4 13. Qxf4 Be6 14. Rac1 Rc8 15. h3 Re8 16. Nb5 Ne4 17. Nd2 Nxd2 18. Rxd2 Re7 19. a3 a6 20. Nc3 Qc7
21. Qf3 Qd6 22. Nd1 Rec7 23. Rc3 Nb8 24. Bd3 Nd7 25. Rxc7 Rxc7 26. Bf5 Nf6 27. Ne3 Rc1+ 28. Rd1 Rxd1+ 29. Qxd1 Qf4 30. Bxe6 fxe6
31. Ng4 Nxg4 32. Qxg4 Qxg4 33. hxg4 Kf7 34. f4 h6 35. Kf2 g5 36. g3 Kf6 37. Kf3 b6 38. a4 a5=
1/2-1/2

[Event "Large KO, SC <1800"]
[Site "SchemingMind.com"]
[Date "2007.02.25"]
[Round "-"]
[White "gregor"]
[Black "palaciorep"]
[Result "1/2-1/2"]
[WhiteCountry "GER"]
[BlackCountry "ARG"]
[WhiteElo "1529"]
[WhiteRD "94"]
[BlackElo "1707"]
[BlackRD "77"]
[GameID "93736"]

1. d4 d5 2. c4 e6 3. Nc3 c6 4. Nf3 Bb4 5. e3 Nf6 6. Bd3 Bxc3+ 7. bxc3 O-O 8. O-O a6 9. Qa4 b5 10. cxb5 cxb5
11. Bxb5 Bd7 12. Bxd7 Nbxd7 13. Ba3 Nb6 14. Qc6 Re8 15. Ne5 Rc8 16. Qb7 Nbd7 17. Bb4 Nxe5 18. dxe5 Ne4 19. Qxa6 Nxc3 20. Qd3=
1/2-1/2

[Event "Large KO, SC <1800"]
[Site "SchemingMind.com"]
[Date "2007.02.25"]
[Round "-"]
[White "palaciorep"]
[Black "gregor"]
[Result "1-0"]
[WhiteCountry "ARG"]
[BlackCountry "GER"]
[WhiteElo "1707"]
[WhiteRD "77"]
[BlackElo "1529"]
[BlackRD "94"]
[GameID "93742"]

1. e4 e5 2. Nf3 Nf6 3. Nc3 Nc6 4. Bc4 Nxe4 5. Bxf7+ Kxf7 6. Nxe4 d5 7. Neg5+ Kg8 8. d3 h6 9. Nh3 Bg4 10. Nhg1 Bb4+
11. c3 Bc5 12. Qd2 b5 13. h3 Bxf3 14. Nxf3 Qf6 15. b4 Bb6 16. O-O Rd8 17. Nh2 Rf8 18. Ng4 Qh4 19. Qe2 Qe7 20. Bb2 Qe8
21. Rae1 a5 22. Nxe5 Nxe5 23. d4
1-0

[Event "Large KO, SC <1800"]
[Site "SchemingMind.com"]
[Date "2007.04.05"]
[Round "-"]
[White "echecs"]
[Black "palaciorep"]
[Result "1-0"]
[WhiteCountry "ENG"]
[BlackCountry "ARG"]
[WhiteElo "1788"]
[WhiteRD "58"]
[BlackElo "1631"]
[BlackRD "70"]
[GameID "99852"]

1. b4 e5 2. Bb2 d6 3. e3 Nf6 4. Nc3 a6 5. a3 Be7 6. Nce2 O-O 7. Ng3 Be6 8. Nf3 h6 9. Bd3 Bg4 10. h3 Bxf3
11. Qxf3 c6 12. Nf5 Nbd7 13. Qg3 Kh8 14. Qxg7#
1-0

[Event "Large KO, SC <1800"]
[Site "SchemingMind.com"]
[Date "2007.04.05"]
[Round "-"]
[White "palaciorep"]
[Black "echecs"]
[Result "0-1"]
[WhiteCountry "ARG"]
[BlackCountry "ENG"]
[WhiteElo "1676"]
[WhiteRD "64"]
[BlackElo "1796"]
[BlackRD "61"]
[GameID "99857"]

1. e4 e5 2. Nf3 Nf6 3. Nc3 Nc6 4. Bc4 Nxe4 5. Bxf7+ Kxf7 6. Nxe4 d5 7. Nc3 Bg4 8. h3 Be6 9. d3 Be7 10. O-O Rf8
11. Re1 Bd6 12. Bg5 Qd7 13. Nb5 Kg8 14. Nxd6 cxd6 15. Nd2 Nd4 16. Be3 Nf5 17. Nb3 Rf7 18. d4 e4 19. Kh2 Raf8 20. Qe2 Nxe3
21. Qxe3 Rxf2 22. Rac1 R8f3 23. Qg5 h6 24. Qg6 Bf5 25. Qg3 Bxh3 26. Qxf3 exf3 27. Re3 Rxg2+ 28. Kh1 Qg4 29. Rce1 Qg3 30. Nc1 Qh2#
0-1

[Event "Large KO, SC <1800"]
[Site "SchemingMind.com"]
[Date "2007.04.25"]
[Round "-"]
[White "Dan Bray"]
[Black "capablanca"]
[Result "1-0"]
[WhiteCountry "ENG"]
[BlackCountry "GER"]
[WhiteElo "1794"]
[WhiteRD "87"]
[BlackElo "1672"]
[BlackRD "58"]
[GameID "102369"]

1. d4 d5 2. c4 e6 3. Nc3 c6 4. Nf3 dxc4 5. Bg5 Nf6 6. e4 Bb4 7. e5 Qa5 8. exf6 Bxc3+ 9. bxc3 Qxc3+ 10. Bd2 Qa3
11. fxg7 Rg8 12. Bxc4 Rxg7 13. O-O Nd7 14. Qb3 Qxb3 15. Bxb3 Nf6 16. Bc3 Nd5 17. Bb2 f6 18. g3 Ke7 19. Rfe1 Bd7 20. Bxd5 cxd5
21. Rac1 Rc8 22. Rxc8 Bxc8 23. Rc1 Kd7 24. Ne1 b6 25. f4 Ba6 26. Kf2 Rg8 27. Ng2 Bc4 28. a3 Rc8 29. Ne3 b5 30. h4 Rg8
31. f5 e5 32. dxe5 fxe5 33. Bxe5 Ke7 34. f6+ Ke6 35. Bd4 a6 36. Re1 Kf7 37. Nf5 Rd8 38. h5 Bd3 39. Nh6+ Kf8 40. Bc5+ Rd6
41. Bxd6#
1-0

[Event "Large KO, SC <1800"]
[Site "SchemingMind.com"]
[Date "2007.04.26"]
[Round "-"]
[White "capablanca"]
[Black "Dan Bray"]
[Result "1-0"]
[WhiteCountry "GER"]
[BlackCountry "ENG"]
[WhiteElo "1672"]
[WhiteRD "58"]
[BlackElo "1794"]
[BlackRD "87"]
[GameID "102375"]

1. e4 c5 2. Nf3 Nc6 3. d4 cxd4 4. Nxd4 Nf6 5. Nc3 g6 6. Be3 Bg7 7. f3 d6 8. Bc4 O-O 9. Qd2 Bd7 10. O-O-O Rc8
11. Bb3 Nxd4 12. Bxd4 a6 13. h4 h5 14. Rdg1 e6 15. g4 hxg4 16. fxg4 e5 17. Be3 Nxg4 18. Bg5 Bf6 19. Bxf6 Qxf6 20. h5 Kg7
21. hxg6 fxg6 22. Rxg4 Rh8 23. Rxh8 Rxh8 24. Rg1 Qf4 25. Bd5 Bc6 26. b3 Rh5 27. Ne2 Qxd2+ 28. Kxd2 Rh2 29. Bxc6 bxc6 30. Kd3 Kh6
31. Ng3 Rh3 32. Rh1 Rxh1 33. Nxh1 Kg5 34. Ke3 Kg4 35. Nf2+ Kg3 36. c4 g5 37. b4 g4 38. a4 Kh4 39. Nxg4 c5 40. b5
1-0

[Event "Large KO, SC <1800"]
[Site "SchemingMind.com"]
[Date "2007.06.07"]
[Round "-"]
[White "bdenley"]
[Black "capablanca"]
[Result "1-0"]
[WhiteCountry "USA"]
[BlackCountry "GER"]
[WhiteElo "1677"]
[WhiteRD "67"]
[BlackElo "1672"]
[BlackRD "58"]
[GameID "108292"]

1. e4 e5 2. Nf3 d6 3. Bc4 Nd7 4. d3 Nb6 5. Bb3 Be7 6. Nc3 Nf6 7. h3 O-O 8. Bg5 Nfd7 9. Bxe7 Qxe7 10. Qd2 Nc5
11. Nd5 Nxd5 12. Bxd5 c6 13. Bc4 b5 14. Bb3 Nxb3 15. axb3 Be6 16. Ng5 h6 17. Nxe6 Qxe6 18. O-O Qc8 19. f4 Qc7 20. fxe5 dxe5
21. Rf3 a5 22. Rg3 Kh7 23. Rf1 a4 24. Rf5 axb3 25. Rh5 Qa5 26. Rxg7+
1-0

[Event "Large KO, SC <1800"]
[Site "SchemingMind.com"]
[Date "2007.06.07"]
[Round "-"]
[White "capablanca"]
[Black "bdenley"]
[Result "1-0"]
[WhiteCountry "GER"]
[BlackCountry "USA"]
[WhiteElo "1672"]
[WhiteRD "58"]
[BlackElo "1677"]
[BlackRD "67"]
[GameID "108299"]

1. c4 c5 2. Nc3 Nc6 3. g3 b6 4. Bg2 Bb7 5. Nf3 Rb8 6. d3 Nf6 7. O-O g6 8. Bd2 Bg7 9. a3 Nd4 10. Nxd4 cxd4
11. Nb5 Bxg2 12. Kxg2 e5 13. Nxa7 Qc7 14. Nb5 Qc6+ 15. Kg1 d5 16. b3 dxc4 17. bxc4 O-O 18. Bb4 Rfd8 19. a4 Nd7 20. a5 Nc5
21. axb6 Rxb6 22. Ba5 Rxb5 23. cxb5 Qc8 24. Bxd8 Qxd8 25. Qc2 Qb6 26. Qc4 Ne6 27. Qc6 Qxc6 28. bxc6 Bf8 29. Ra8 Kg7 30. Rc1 Bd6
31. Ra7 Nc7 32. Rb1
1-0

[Event "Large KO, SC <1800"]
[Site "SchemingMind.com"]
[Date "2007.06.29"]
[Round "-"]
[White "bdenley"]
[Black "echecs"]
[Result "0-1"]
[WhiteCountry "USA"]
[BlackCountry "ENG"]
[WhiteElo "1617"]
[WhiteRD "65"]
[BlackElo "1800"]
[BlackRD "63"]
[GameID "110908"]

1. e4 Nf6 2. Nc3 d5 3. exd5 Nxd5 4. Nxd5 Qxd5 5. Qf3 Qxf3 6. Nxf3 Nc6 7. Bb5 Bd7 8. d4 O-O-O 9. Be3 e6 10. O-O-O h6
11. Rd3 a6 12. Ba4 Nb4 13. Bxd7+ Rxd7 14. Ra3 Rd6 15. Ra4 Rc6 16. c3 b5 17. Ra5 f6 18. Kb1 Nd5 19. Bd2 Kb7 20. b4 Nxc3+
21. Kb2 Bxb4 22. Rxb5+ axb5 23. Kb3 Ba5 24. Rc1 b4 25. Nh4 Nd5 26. Rxc6 Kxc6 27. a3 Rb8 28. Ka4 bxa3 29. Kxa5 Ra8#
0-1